| Tag |
First Indicator |
Second Indicator |
Subfields |
| LEADER |
00000cam a2200000 4500 |
| 001 |
in00000041325 |
| 005 |
20151007072540.0 |
| 008 |
751129s1958 enk b 00000 eng |
| 010 |
|
|
|a 59023021
|
| 035 |
|
|
|a (OCoLC)01862736
|
| 035 |
|
|
|9 AAE8087AM
|
| 040 |
|
|
|a DLC
|c FQG
|d TXA
|d UtOrBLW
|
| 049 |
|
|
|a TXAM
|c [308637]
|
| 050 |
0 |
0 |
|a Z5838.H5
|b S58
|
| 092 |
|
|
|a 621.3818
|b A1S745h, 1958
|
| 100 |
1 |
|
|a Spencer, K. J.
|
| 245 |
1 |
0 |
|a High fidelity ;
|b a bibliography of sound reproduction /
|c Foreword by G.A. Briggs.
|
| 250 |
|
|
|a [1st ed.].
|
| 264 |
|
1 |
|a London :
|b Iota Services,
|c [1958]
|
| 264 |
|
4 |
|c [©1958]
|
| 300 |
|
|
|a 325 pages ;
|c 23 cm.
|
| 336 |
|
|
|a text
|b txt
|2 rdacontent
|
| 337 |
|
|
|a unmediated
|b n
|2 rdamedia
|
| 338 |
|
|
|a volume
|b nc
|2 rdacarrier
|
| 650 |
|
0 |
|a High-fidelity sound systems
|x Bibliography.
|
| 999 |
|
|
|a MARS
|
| 999 |
f |
f |
|s 7cfc513f-8342-3ffb-8601-fa805fc3bbbe
|i 6977754e-e621-3deb-bf08-0b1861fd7550
|t 0
|
| 952 |
f |
f |
|p ric
|a Texas A&M University
|b Rellis Campus
|c Joint Library Facility
|d Remote Storage
|t 0
|e Z5838.H5 S58
|h Library of Congress classification
|i unmediated -- volume
|m A14842478753
|
| 998 |
f |
f |
|a Z5838.H5 S58
|t 0
|l Remote Storage
|